[Event "Ogolnopolska Olimpiada Mlodziezy C-14"]
[Site "Spala"]
[Date "1899-12-30"]
[Round "9.18"]
[White "Paliszewski, Dominik"]
[Black "Pietras, Daniel"]
[Result "1-0"]
[WhiteTitle "II"]
[BlackTitle "II+"]
[WhiteElo "1648"]
[BlackElo "1509"]

1. e4 e5 2. Nf3 Nc6 3. Bc4 Nf6 4. d3 h6 5. Nbd2 Bc5 6. h3 O-O 7. Nf1 d5 8. exd5
Nxd5 9. Ng3 Be6 10. O-O Re8 11. Re1 Nf6 12. Bb5 Bd5 13. Bxc6 Bxc6 14. Be3 Bxe3
15. Rxe3 e4 16. Nh2 exd3 17. Rxd3 Qe7 18. Qd2 a6 19. Nf3 Ne4 20. Nxe4 Bxe4 21.
Re1 Qf6 22. Rde3 Bc6 23. Rxe8+ Rxe8 24. Rxe8+ Bxe8 25. Qd4 Qxd4 26. Nxd4 Kf8 27.
f3 Ke7 28. Kf2 Bd7 29. Ke3 Kd6 30. c3 Kd5 31. Kd3 c5 32. c4+ Ke5 33. Ne2 Bf5+
34. Ke3 Be6 35. b3 Bd7 36. f4+ Kf6 37. Nc3 Bc6 38. Ne4+ Kf5 39. g4+ Ke6 40. Nxc5+
Ke7 41. Ne4 Kd7 42. Kd4 Ke7 43. a3 Kd7 44. b4 Kc7 45. Ke5 Kd7 46. a4 b6 47. b5
axb5 48. cxb5 Bb7 49. h4 Ke7 50. f5 f6+ 51. Kd4 Kd7 52. g5 hxg5 53. hxg5 Ke7 54.
g6 Kf8 55. Nd6 Bf3 56. Nc8 Bd1 57. Nxb6 Bc2 58. a5 Bxf5 59. a6 Bh3 60. a7 Bg2
61. Nd5 Bxd5 62. Kxd5 1-0

[Event "Ogolnopolska Olimpiada Mlodziezy C-14"]
[Site "Spala"]
[Date "1899-12-30"]
[Round "9.19"]
[White "Laszczak, Przemyslaw"]
[Black "Karwat, Szymon"]
[Result "1-0"]
[WhiteTitle "II+"]
[BlackTitle "II"]
[WhiteElo "1625"]
[BlackElo "1379"]

1. d4 d5 2. c4 e6 3. Nc3 Nf6 4. Bg5 Be7 5. e3 O-O 6. cxd5 exd5 7. Bd3 h6 8. Bh4
b6 9. Nge2 Bb7 10. O-O Nbd7 11. Rc1 c5 12. f3 Rc8 13. Bf2 Re8 14. Kh1 Bd6 15.
Qd2 Re7 16. Ng3 Bb8 17. Nf5 Re6 18. Bg3 Nh5 19. Bxb8 Rxb8 20. e4 dxe4 21. Bxe4
Bxe4 22. fxe4 cxd4 23. Qxd4 Nc5 24. e5 Qxd4 25. Nxd4 Rg6 26. Rcd1 Re8 27. Rf5
Rg5 28. Rxg5 hxg5 29. Nc6 Nf4 30. Rd2 f6 31. g3 Nfd3 32. b4 Nxe5 33. Nxe5 Rxe5
34. bxc5 Rxc5 35. Ne4 Rc7 36. Kg2 a6 37. h3 b5 38. Kf3 Kf7 39. Rd6 Ra7 40. Rb6
Ke7 41. Nc5 a5 42. Rxb5 Kd6 43. a4 f5 44. Nb7+ Ke6 45. Nd8+ Kf6 46. Rb6+ Ke5 47.
Nc6+ 1-0

[Event "Ogolnopolska Olimpiada Mlodziezy C-14"]
[Site "Spala"]
[Date "1899-12-30"]
[Round "9.20"]
[White "Miszkielo, Bartosz"]
[Black "Kubiak, Jakub"]
[Result "0-1"]
[WhiteTitle "I"]
[BlackTitle "I"]
[WhiteElo "1707"]
[BlackElo "1646"]

1. e4 c5 2. Nf3 d6 3. d4 cxd4 4. Nxd4 Nf6 5. Nc3 a6 6. Be2 e5 7. Nb3 Be7 8. Bg5
Nbd7 9. a4 O-O 10. a5 b5 11. axb6 Nxb6 12. Bxf6 Bxf6 13. O-O Qc7 14. Nb5 axb5
15. Rxa8 Nxa8 16. Bxb5 Bb7 17. Bd3 Nb6 18. Qe2 d5 19. exd5 Nxd5 20. g3 Nb4 21.
Bc4 Qc6 22. f3 Rc8 23. Na5 Qb6+ 0-1

[Event "Ogolnopolska Olimpiada Mlodziezy C-14"]
[Site "Spala"]
[Date "1899-12-30"]
[Round "9.21"]
[White "Holownia, Michal"]
[Black "Mendak, Mateusz"]
[Result "1-0"]
[WhiteTitle "II"]
[BlackTitle "II"]
[WhiteElo "1576"]
[BlackElo "1575"]

1. e4 c5 2. Nf3 e6 3. d4 cxd4 4. Nxd4 Nc6 5. Nxc6 bxc6 6. Bd3 d5 7. Nd2 Qc7 8.
O-O Bd6 9. h3 Nf6 10. c4 O-O 11. Qc2 c5 12. exd5 exd5 13. cxd5 Bb7 14. Ne4 Nxd5
15. Nxd6 Qxd6 16. Bxh7+ Kh8 17. Be4 Rfe8 18. Bf3 Nb4 19. Qc3 Bxf3 20. Qxf3 Nc2
21. Bf4 Qd4 22. Rab1 Rad8 23. Rfd1 Qxd1+ 24. Rxd1 Rxd1+ 25. Qxd1 Re1+ 26. Qxe1
Nxe1 27. Be3 Nd3 28. b3 f6 29. Kf1 Nb4 30. a3 Nc2 31. Bxc5 Na1 32. b4 Nc2 33.
a4 Na1 34. Ke2 Nb3 35. Kd3 Nc1+ 36. Kc4 Ne2 37. g3 Ng1 38. h4 Nf3 39. Be3 Ne5+
40. Kd4 Nd7 41. Kd5 Kg8 42. Kc6 Ne5+ 43. Kb7 Nd3 44. Bc5 Nb2 45. a5 Nc4 46. Kxa7
f5 47. Kb7 Ne5 48. a6 Nd7 49. a7 Nxc5+ 50. bxc5 g5 51. a8=Q+ 1-0

[Event "Ogolnopolska Olimpiada Mlodziezy C-14"]
[Site "Spala"]
[Date "1899-12-30"]
[Round "9.23"]
[White "Bakalarczyk, Jakub"]
[Black "Trendowski, Michal"]
[Result "0-1"]
[WhiteTitle "II"]
[BlackTitle "II+"]
[WhiteElo "1442"]
[BlackElo "1582"]

1. e4 c5 2. Nf3 Nc6 3. Bb5 a6 4. Bxc6 bxc6 5. O-O d5 6. d3 Bg4 7. Qe2 e6 8. Nc3
Ne7 9. b3 Ng6 10. Na4 Be7 11. Ba3 Ne5 12. Kh1 Bd6 13. Bxc5 Bxc5 14. Nxc5 Qf6 15.
Qe3 Nxf3 16. g3 h5 17. Qf4 Qxf4 18. gxf4 Nd2 19. Rfe1 Bf3+ 20. Kg1 Rh6 21. h4
Rg6+ 22. Kh2 Bg2 23. Re3 Nf3+ 24. Rxf3 Bxf3 25. c4 dxe4 26. dxe4 Rd8 27. Re1 Rd2
28. Rf1 Bg2 29. Rg1 Rxf2 30. Nd3 Rd2 31. Ne1 Bxe4+ 32. Kh3 0-1